| 000 | 01279aam a2200349 i 4500 | ||
|---|---|---|---|
| 999 |
_c45293 _d45293 |
||
| 001 | 18893 | ||
| 003 | CO-MdBIC | ||
| 005 | 20240618062714.0 | ||
| 008 | 190515t1990 -us |||| |||| 00| 0 spa d | ||
| 020 | _a1560637676 | ||
| 040 |
_aCO-MdFUSB _bspa _cCO-MdFUSB _dCO-MdFUSBC _erda |
||
| 041 |
_aspa _heng |
||
| 082 |
_226 _a266 _bM678 |
||
| 240 | _aMission now : This generation. | ||
| 245 |
_aMisiones: crucial para esta generación. _c/ Roger S. Greenway [y otros tres] ; Prólogo por Billy Graham ; traducido por Jairo Carvajal |
||
| 264 | 1 |
_aMiami, Florida, Usa : _bUnilit, _c[1990] |
|
| 264 | 4 | _c© 1990 | |
| 300 |
_a133 páginas _c; 21 cm |
||
| 336 |
_atexto _btxt _2rdacontent |
||
| 337 |
_2rdamedia _asin mediación _bn |
||
| 338 |
_2rdacarrier _avolumen _bnc |
||
| 501 | _arústico | ||
| 505 | 0 | _aEl plan de Dios y las misiones en el mundo ahora -- La iglesia y las misiones en el mundo -- La juventud, las misiones mundiales en el siglo XXI | |
| 563 | _aRústico | ||
| 650 | 0 |
_aMisiones _9154 |
|
| 700 |
_91332 _aGreenway, Roger S. _d1934-2016 _eautor |
||
| 700 |
_91886 _aKyle, Jhon E, _eautor |
||
| 700 |
_91887 _aMcGavran, Donald A., _eautor |
||
| 700 |
_91888 _aPenning, Timothy E., _eautor |
||
| 700 |
_aCarvajal, Jairo, _etraductor _91889 |
||
| 942 | _cBK | ||